000 02071cam a22006014i 4500
003 PE-LiUPU
005 20250731170453.0
008 150706s2009 sp a rb 000 0 d
020 _a9788478084616
035 _a(Sirsi) i9788478084616
040 _aPE-LiUPU
_bspa
_cPE-LiUPU
_erda
049 _aPRUA
082 0 4 _a138
_bR84
_221
100 1 _aRosetree, Rose,
_eautor.
245 1 0 _aLeer el rostro /
_cRose Rosetre.
250 _a3a
264 1 _aMálaga :
_bSirio,
_c2009.
300 _a366 páginas :
_bilustraciones ;
_c21 cm.
336 _atext
_2rdacontent
337 _aunmediated
_2rdamedia
338 _avolume
_2rdacarrier
504 _aIncluye bibliografía.
505 0 _a¿A quién no le gusta el poder? -- ¿De dónde procede la lectura del rostro? -- Cómo ver como un lector de rostro -- Las cejas -- Las orejas -- Los ojos -- La nariz -- Las mejillas -- La boca -- Mandíbulas y mentones -- El sexo -- Resolución de problemas de relación -- Estrategias de venta -- La autoestima -- La lectura facial puede ayudarte en el ámbito profesional.
526 _aSEG68
526 _aSEG70
526 _aSEG69
526 _aSEG67
526 _aSEG43
526 _aP144
526 _aP143
526 _aP131
526 _aP122
526 _aP120
526 _aP117
526 _aP112
526 _aP110
526 _aP106
526 _aP101
526 _aP80
526 _aP59
526 _aP54
526 _aP35
526 _aP33
526 _aP30
541 _g030-0010720;
650 0 4 _aFisonomía.
910 _agl
_bjv
_clch
_d20111213
942 _2ddc
_cBOOK
949 _a138 R84
_wDEWEY
_c1
_i64175
_lCCODEBUL1
_mBUL
_p22.00
_r0
_sY
_tBOOK
_u2015-7-6
_xFCE
_PP04
_o.STAFF. Colección General
994 _aC0
_bPEPRU
596 _a1
999 _a138 R84
_wDEWEY
_c53003
_i64175
_d53003
_e2019-11-22
_f2021-11-4
_g6
_lCCODEBUL1
_mBUL
_n11
_p22.00
_q3
_r0
_sY
_tBOOK
_u2015-7-6
_xBIBLIOTECA
_PP04
_0COMPRA
_o.STAFF. Colección General
980 _81
_gALBERTO SANCHEZ Responsable de Automatización